Statistics for Bones of the Human Body

Click here to take the quiz!

General Stats

  • This quiz has been taken 594 times
  • The average score is 26 of 58

Answer Stats

HintAnswer% Correct
6Ulna
88%
118ThighFemur
87%
2ArmHumerus
85%
4Forearm (x2)Radius
85%
122Leg (x2)Tibia
83%
124Fibula
78%
116Collar boneClavicle
76%
111Breast boneSternum
76%
114Shoulder bladeScapula
74%
86Tail bonecoccyx
71%
110Chest wall (x24)Ribs
69%
32Hand (x4 types)Metacarpal
66%
180HeadMandible
63%
178HipInnominate bone
62%
84Next 5Lumbar
61%
79Next 12Thoracic
58%
67First 7 vertebraeCervical
57%
148Metatarsal
56%
85NextSacrum
55%
200Frontal
50%
203Maxilla
50%
195Occipital
45%
199Temporal
44%
190Zygomatic
42%
197Parietal
40%
20Trapezoid
39%
176Distal Phalange
38%
60Distal Phalange
38%
188SkullNasal
38%
158Proximal phalange
38%
42Proximal phalange
38%
8Wrist (x8)Scaphoid
38%
18Trapezium
37%
10Lunate
35%
14Pisiform
35%
126Foot (x28)Talus
35%
16Hamate
34%
186Stapes
34%
128Calcaneus
32%
22Capitate
30%
182Ear (x3)Incus
30%
184Malleus
30%
179NeckHyoid
28%
166Middle Phalange
28%
50Middle phalange
28%
130Navicular
28%
201Sphenoid
28%
202Ethmoid
27%
12Triquetrum
27%
204Vomer
24%
192Lacrimal
23%
136Lateral Cuneiform
21%
134Medial cuneiform
21%
194Palatine
21%
138Intermediate cuneiform
19%
112Manubrium
14%
206Nasal Concha
11%
132Cuboidal
7%

Score Distribution

Percentile by Number Answered

Percent of People with Each Score

Your Score History

You have not taken this quiz